| 000 | 00827cam a22002653a 4500 | ||
|---|---|---|---|
| 001 | 29 | ||
| 003 | PGUSA | ||
| 005 | 20140828082942.0 | ||
| 008 | 920401s1992||||xxu|||||s|||||000 | eng d | ||
| 040 |
_aPGUSA _beng |
||
| 042 | _adc | ||
| 050 | 4 | _aHA | |
| 100 | 1 | _aUnited States. Bureau of the Census | |
| 245 | 1 | 4 |
_aThe 1990 United States Census _h[electronic resource] / _cUnited States. Bureau of the Census |
| 260 |
_bProject Gutenberg, _c1992 |
||
| 506 | _aPublic domain in the USA. | ||
| 516 | _aElectronic text | ||
| 653 | _aUnited States -- Population -- Statistics | ||
| 653 | _aUnited States -- Census | ||
| 653 | _aHousing -- United States -- Statistics | ||
| 740 | 0 | _a1990 Census of Population and Housing | |
| 830 | 0 |
_aProject Gutenberg _v29 |
|
| 856 | 4 | 0 | _uhttp://www.gutenberg.org/ebooks/29 |
| 942 | _cEB | ||
| 999 |
_c229400 _d229400 |
||